Qui sont ces personnalités politiques ? - PCF - Statistiques

Statistiques générales
  • Ce quiz a été pris 184 fois
  • Le résultat moyen est 6 sur 16
Statistiques - réponses
Par images Réponse % Correct
Fabien Roussel
97%
Robert Hue
72%
Georges Marchais
70%
André Chassaigne
64%
Marie-George Buffet
51%
Léon Deffontaines
47%
Maurice Thorez
40%
Sébastien Jumel
28%
Pierre Laurent
23%
Hubert Wulfranc
18%
Pierre Dharréville
16%
Jean-Paul Lecoq
13%
Karine Lebon
10%
Yannick Monnet
9%
Alain Bruneel
5%
Abdel Yousfi
1%
Aucun quiz correspondant
Distribution des résultats
% des personnes avec chaque résultat
Percentile par nombre de réponses
Votre historique - résultats
Vous n’avez pas pris ce quiz